000 00266nam a2200109Ia 4500
999 _c8578
_d8578
020 _a0-582-52330-3
100 _aL.G. Alexander
245 0 _aPractice And Progress an Integrated Course
260 _aNew Jersey
_bWorld Scientific
_c2002
300 _a1154
942 _cBK